000 00514nam a2200169Ia 4500
003 GCL
005 20240530102109.0
008 140319s9999 xx 000 0 ara d
040 _aGCL /
_cGCL
082 0 4 _a811.9
_bع ت
100 0 _aعبدالستار سليم
245 1 0 _aتقاسيم ع الربابة /
_cعبدالستار سليم
260 _a[S.N] :
_bالهيئة المصرية العامة للكتاب ،
_c1994
300 _a135 ص
490 _aاشراقات ادبية
_v0
942 _2ddc
_cBK
999 _c29791
_d29791